| 000 | 00678nam a2200217Ia 4500 | ||
|---|---|---|---|
| 005 | 20260601193220.0 | ||
| 008 | 260601s9999||||xx |||||||||||||| ||und|| | ||
| 020 |
_a978-981-99-7019-3 _qebk |
||
| 100 | _aFenrong Liu | ||
| 245 | 0 | _aPRICAI 2023: Trends in Artificial Intelligence | |
| 250 | _a1st ed. 2024 | ||
| 260 |
_aHeidelberg, Germany _bSpringer Nature _c2024 |
||
| 440 | _aLecture Notes in Computer Science | ||
| 650 | _aComputer Science | ||
| 700 | _aArun Anand Sadanandan | ||
| 700 | _aDickson Lukose | ||
| 700 | _aDuc Nghia Pham | ||
| 700 | _aPetrus Mursanto | ||
| 856 | _uhttps://link.springer.com/openurl?genre=book&isbn=978-981-99-7019-3 | ||
| 942 |
_cEB _2ddc |
||
| 999 |
_c55788 _d55788 |
||